| 000 | 01028nas a2200325 4500 | ||
|---|---|---|---|
| 001 | BR2012003976 | ||
| 003 | BR-BrBNA | ||
| 005 | 20231205120645.0 | ||
| 007 | ta | ||
| 008 | 230509b bl.|||p| |||| 00| 00por d | ||
| 040 |
_aBR-BrBNA _bpor _cBiblioteca Nacional de Agricultura |
||
| 041 | _a(Pt) | ||
| 072 | _aF03; F06 | ||
| 100 | 1 | _aNunes, U.R. | |
| 100 | 1 | _aNunes, S.C.P. | |
| 100 | 1 | _aFonseca, P.G. | |
| 100 | 1 | _aPego, R.G. | |
| 245 | 1 | _aEfeito da época de colheita, irrigação e permanência de sementes em solo seco no desenvolvimento inicial de plântulas de Syngonanthus elegans (Bong.)Ruhland | |
| 650 | _aERIOCAULACEAE | ||
| 650 | _aMONOCOTILEDÔNIA | ||
| 650 | _aSEMENTE | ||
| 650 | _aÉPOCA DE COLHEITA | ||
| 650 | _aPLÂNTULA | ||
| 650 | _aIRRIGAÇÃO | ||
| 650 | _aCRESCIMENTO | ||
| 650 | _aMINAS GERAIS | ||
| 773 | 0 |
_tRevista Brasileira de Sementes (Brazil) _xISSN 0101-3122 _g(Dec 2008), v. 30(3) p. 64-70 _wBR2012003976 |
|
| 909 |
_a202311 _bLúcia _c55 _dLúcia Elande |
||
| 942 |
_2AGRIS _n0 _cANA |
||
| 999 |
_c219610 _d219610 |
||